| 000 | 00528nam a2200205 a 4500 | ||
|---|---|---|---|
| 003 | CHAP | ||
| 005 | 20231031110257.0 | ||
| 007 | ta | ||
| 008 | 231031s2008 mx ||||| |||| 00| 0 spa d | ||
| 020 | _a978-607-400-043-6 | ||
| 040 |
_amxchpua _cCHAP _erda |
||
| 100 |
_9140423 _aSefchovich, Sara |
||
| 245 |
_aPaís de mentiras / _cSara Sefchovich |
||
| 336 |
_2rdacontent _atexto _btxt |
||
| 337 |
_2rdamedia _asin medio _bn |
||
| 338 |
_2rdacarrier _avolumen _bnc |
||
| 534 | _pTítulo original: | ||
| 942 | _2ddc | ||
| 942 | _cLIBRO | ||
| 999 |
_c219343 _d219343 |
||